000 00559nam a22001817a 4500
003 UA-OsUOA
001 16583
007 ta
008 20040115b un ||||| |||| 00| 0 ukr d
100 _aМиронюк І.
942 _cSA
040 _aUA-OsUOA
_cUA-OsUOA
_dUA-OsUOA
245 _aПсихіатрія і наркоманія [на Рівненщині]: історія і сучасність
300 _aС.6
955 _a0
773 0 _w0
_tМедичний вісник
_dРівне
_d2003
_g№40/41/ 7 листоп./
650 7 _aІсторія
_2UDC
999 _c302748
_d302748